Sur la demonstration automatique /
Guardado en:
| Autor Principal: | |
|---|---|
| Formato: | Libro |
| Idioma: | French |
| Publicado: |
[Paris?] :
Centre National de la Recherche Scientifique : Institut Blaise Pascal, Laboratoire de calcul numérique,
1963.
|
| Series: | Logique a l'usage du calculateur ;
4 |
| Etiquetas: |
Agregar Etiqueta
Sin Etiquetas, Sea el primero en etiquetar este registro!
|
| LEADER | 00588nam a22001575a 4500 | ||
|---|---|---|---|
| 001 | MAT.inmabb004462 | ||
| 008 | 070320s1963####fr#######b####000#0#fre#d | ||
| 005 | 20151117160700.0 | ||
| 245 | 1 | 0 | |a Sur la demonstration automatique / |c par Claude Picard. |
| 260 | |a [Paris?] : |b Centre National de la Recherche Scientifique : |b Institut Blaise Pascal, Laboratoire de calcul numérique, |c 1963. | ||
| 300 | |a 30 p. ; |c 27 cm. | ||
| 440 | 0 | |a Logique a l'usage du calculateur ; |v 4 | |
| 504 | |a Bibliografía: p. 29-30. | ||
| 100 | 1 | |a Picard, Claude. | |
| 084 | |a 03B35 |2 msc2000 | ||
| 859 | |h 03 |i P586 |p A-987 |b BIB. MATEMATICA | ||
